000 00289nam a22001337a 4500
008 170203b xxu||||| |||| 00| 0 eng d
020 _a0871892332
041 _aeng
080 _a61
100 _a3
101 _aSHM
245 _aHEALTH CARE MARKETING
_cPHILIP COOPER
942 _2udc
_cBK
999 _c4437
_d4437